000 00525nam a2200193 a 4500
001 6904
003 CO-ViMGA
008 141112s2004 ck r 000 u spa d
040 _aCO-ViMGA
_bspa
_cCO-ViMGA
082 _aR796.357 P373b
100 1 _aPerea, Rosero Tucidides
245 1 0 _aBeisbol :
_breglamentos deportivos ilustrados
250 _a3a
260 _aSantafé de Bogotá :
_bPanAméricana,
_c1996
300 _a232 p : il
590 _aDatos de inventario : 05462
650 1 4 _aBEISBOL
_94050
942 _2ddc
_cBK
999 _c11375
_d11375